Cities back from the edge (Record no. 757455)

MARC details
000 -LEADER
fixed length control field 00686nam a2200241Ia 4500
003 - CONTROL NUMBER IDENTIFIER
control field OSt
005 - DATE AND TIME OF LATEST TRANSACTION
control field 20220928114906.0
008 - FIXED-LENGTH DATA ELEMENTS--GENERAL INFORMATION
fixed length control field 220927b |||||||| |||| 00| 0 eng d
037 ## - SOURCE OF ACQUISITION
Terms of availability Textual
040 ## - CATALOGING SOURCE
Original cataloging agency SDCL
Transcribing agency SDCL
Language of cataloging eng
041 ## - LANGUAGE CODE
Source of code eng
Language code of text/sound track or separate title eng
100 ## - MAIN ENTRY--PERSONAL NAME
Personal name Gratz Roberta Brades
9 (RLIN) 442155
245 #0 - TITLE STATEMENT
Title Cities back from the edge
Remainder of title New Life for Downtown .
260 ## - PUBLICATION, DISTRIBUTION, ETC.
Place of publication, distribution, etc. New York
Name of publisher, distributor, etc. Preservation Press
Date of publication, distribution, etc. 1998
300 ## - PHYSICAL DESCRIPTION
Extent x,361p.
Dimensions cm.
700 ## - ADDED ENTRY--PERSONAL NAME
Personal name Mintz Norman
9 (RLIN) 442156
942 ## - ADDED ENTRY ELEMENTS (KOHA)
Classification part R43, N8
Koha item type Textual
Source of classification or shelving scheme Colon Classification (CC)
Holdings
Withdrawn status Lost status Damaged status Not for loan Home library Current library Date acquired Total Checkouts Full call number Barcode Date last seen Price effective from Koha item type
        South Campus Library South Campus Library 2022-09-28   R43 N8 SC1241731 2022-09-28 2022-09-28 Textual
Copyright @ Delhi University Library System